000 00548nam a2200205Ia 4500
005 20250508164458.0
008 008 250505s9999 xx 000 0 eng d
037 _aTextual
040 _aFEDL
_beng
_cFEDL
041 _aeng
_2eng
084 _a306.4, GEE
_qFEDL
100 _aGeertz Clifford
245 0 _aInterpretation of cultures : Selected essays
260 _aLondon, UK
_bFontana Press
_c1993
300 _aix,469p.
365 _aGBP
_b6
650 _aCulture
942 _cTEXL
_h306.4, GEE
999 _c1389337
_d1389337